| 000 -LEADER |
| fixed length control field |
00340nam a22001217a 4500 |
| 008 - FIXED-LENGTH DATA ELEMENTS--GENERAL INFORMATION |
| fixed length control field |
250227b ||||| |||| 00| 0 eng d |
| 020 ## - INTERNATIONAL STANDARD BOOK NUMBER |
| International Standard Book Number |
9780448462899 |
| 082 ## - DEWEY DECIMAL CLASSIFICATION NUMBER |
| Classification number |
979.4 HOL |
| 100 ## - MAIN ENTRY--PERSONAL NAME |
| Personal name |
HOLUB,SUSAN |
| Relator term |
AUTHOR |
| 245 ## - TITLE STATEMENT |
| Title |
WHAT WAS THE GOLD RUSH? |
| 260 ## - PUBLICATION, DISTRIBUTION, ETC. |
| Place of publication, distribution, etc. |
345 HUDSON STREET,NEW YORK,NEW YORK 10014 |
| Name of publisher, distributor, etc. |
GROSSET & DUNLAP |
| Date of publication, distribution, etc. |
2013 |
| 942 ## - ADDED ENTRY ELEMENTS (KOHA) |
| Source of classification or shelving scheme |
|